01012cam a22002777i 45000010008000000030006000080050017000140070014000310070014000450080041000590100017001000400018001170500034001350820013001691000023001822400027002052450175002322600045004073000023004525000024004755000044004995000035005435330112005786500024006906500020007141467107GBCCL20241126110626.0hdrafa---bacahdrbfa---baaa860414|1873 ||| 000 0 eng  a 86144824  aDLCcDLCdDLC00aMicrofilm 86/5875 (D)  a933bJOS1 aJosephus, Flavius.10aWorks.lEnglish.f187314aThe works of Josephus, with a life written by himself [microform] /ctranslated from the original Greek, including explanatory notes and observations, by William Whiston. aNew York :bMason, Baker & Pratt,c1873. a4 v. in 2 ; 21 cm. a"A complete index." aCall number of original: DS116.J7 1873. aMaster microform held by: DLC. aMicrofilm. Washington, D.C. : Library of Congress Photoduplication Service, 1986. 1 microfilm reel ; 35 mm. aJews -- Antiquities aJews -- History